| 000 | 00399 a2200097 4500 | ||
|---|---|---|---|
| 082 | _a624.151 EAR | ||
| 245 |
_aEarth Manual : A Guide to the use of soils as foundations and as construction materials for hydraulic structures / _cUS. Dept of the interior Water and Power Resources Service |
||
| 250 | _a2nd.ed. | ||
| 260 |
_aIndia : _cCBS Publishers and Distributers, _b2001. |
||
| 300 |
_a810p. : _bill . ; _c20cm |
||
| 650 | _amaterials | ||
| 999 |
_c1107 _d1107 |
||